000 01054nmm a2200301 a 4500
001 ocm0002015717
003 TR-IsHL
005 20201028180423.0
008 181213s2018 tu tur
007 cr cn
020 _a9786054635535
035 _a2015717
_b(N$T)
050 0 4 _aPK6239.5.T8
_bM85 2018
090 0 4 _aPK6239.5.T8
_bM85 2018
100 1 _aHâce-zâde Ahmed Cevdet
245 1 0 _aMuallim-i Kavaid-i Farisi sualli ve cevablı
_h[electronic resource] /
_cHâce-zâde Ahmed Cevdet ; Hazırlayan Hidayet Verim ; editör Furkan Öztürk
250 _aBirinci Baskı
260 _aİstanbul :
_bDün Bugün Yarın Yayınları,
_c2018
300 _a118 p.
650 4 _aEğitim
650 4 _aEducation
650 0 _aFars dili
_x Gramer
650 0 _aPersian language
_x Grammar
650 7 _aLANGUAGE ARTS & DISCIPLINES / Grammar & Punctuation
_2bisacsh
700 1 _aVerim, Hidayet
700 1 _aÖztürk, Furkan
856 4 0 _uhttp://search.ebscohost.com/login.aspx?direct=true&scope=site&db=e011xww&AN=2015717
999 _c19131
_d19131